Update of activities within APEC

Gorde:
Xehetasun bibliografikoak
Erakunde egilea: APEC (Egilea)
Formatua: Liburua
Hizkuntza:ingelesa
Argitaratua: Kuala Lumpur APEC Secretariat 1998
Gaiak:
Etiketak: Etiketa erantsi
Etiketarik gabe, Izan zaitez lehena erregistro honi etiketa jartzen!

MARC

LEADER 00000nam a2200000 a 4500
001 UCN3864
003 CL-VaPUC
008 010713e19980000MY |||||||||||||||||eng|d
082 0 4 |a 337.1  |b APE  |2 21 
110 2 |a APEC  |e author  |9 460449 
245 1 0 |a Update of activities within APEC 
300 |a 49 p 
942 |c BK 
945 |d 20010713 00:00:00  |a rbrito 
260 |a Kuala Lumpur  |b APEC Secretariat  |c 1998 
650 0 |a Cooperación internacional  |9 255447 
650 0 |a Desarrollo económico  |9 259599 
650 7 |a TRANSFERENCIA INTERNACIONAL DE TECNOLOGIA  |2 CL-VaPUC  |9 337090 
583 |a last modification  |c 20010713 00:00:00  |k Rodrigo Vera 
999 |c 296535  |d 296533 
952 |0 0  |1 0  |4 0  |6 337_100000000000000_APE_1998  |7 0  |8 A  |9 350338  |a BIBGIM  |b BIBGIM  |d 2019-11-20  |i 3604314  |o 337.1 APE 1998  |p 3604314  |r 2025-01-15  |w 2019-11-20  |y BK  |k ORI